Blood transfusion therapy : (Record no. 31829)
[ view plain ]
| 000 -LEADER | |
|---|---|
| fixed length control field | 00531cam9a220016900 4500 |
| 005 - DATE AND TIME OF LATEST TRANSACTION | |
| control field | 20190814092346.0 |
| 008 - FIXED-LENGTH DATA ELEMENTS--GENERAL INFORMATION | |
| fixed length control field | 011127 |
| 020 ## - INTERNATIONAL STANDARD BOOK NUMBER | |
| International Standard Book Number | 0914404970 |
| 035 ## - SYSTEM CONTROL NUMBER | |
| System control number | (Sirsi) a144511 |
| 050 #0 - LIBRARY OF CONGRESS CALL NUMBER | |
| Classification number | RM171 |
| Item number | Blo 1989 |
| 245 10 - TITLE STATEMENT | |
| Title | Blood transfusion therapy : |
| Remainder of title | a physician's handbook / |
| Statement of responsibility, etc. | edited by Patricia T. Pisciotto. |
| 250 ## - EDITION STATEMENT | |
| Edition statement | 3rd ed. |
| 350 ## - PRICE (NR) (BK AM CF MU VM SE) [OBSOLETE] | |
| Price | 25 |
| 504 ## - BIBLIOGRAPHY, ETC. NOTE | |
| Bibliography, etc. note | includes bibliographical references and index |
| 650 #0 - SUBJECT ADDED ENTRY--TOPICAL TERM | |
| Topical term or geographic name entry element | Blood transfusion |
| Linkage | S19914.2 |
| 700 00 - ADDED ENTRY--PERSONAL NAME | |
| Personal name | Pisciotto, Patricia T. |
| Linkage | A115018.1 |
| Withdrawn status | Lost status | Source of classification or shelving scheme | Damaged status | Not for loan | Home library | Current library | Shelving location | Total Checkouts | Full call number | Barcode | Date last seen | Copy number | Price effective from | Koha item type |
|---|---|---|---|---|---|---|---|---|---|---|---|---|---|---|
| Library of Congress Classification | Medical Library | Medical Library | On Shelf | RM171 BLO 1989 | 144511-2001 | 08/13/2019 | 1 | 08/13/2019 | Book |